000 00582nam a22001697a 4500
003 OSt
005 20241212110649.0
008 241022b |||||||| |||| 00| 0 eng d
040 _c0
082 _aDPer050 M72 January-March 2018 v. 66 no. 8-10
100 _aPrestoza, Mark-Jhon R.
_eauthor.
_963300
245 _aBalot, lugaw, at siopao /
_cMark-Jhon R. Prestoza.
260 _aPhilippines;
_bPublishers association of the Philippines, Inc,
_cJuly 2018.
300 _aVolume 66,pages 71-72,
_billustration.
700 _aPrestoza, Mark-Jhon R.
_eauthor.
_961645
942 _2ddc
_cPER
999 _c22784
_d22784